<?xml version="1.0" encoding="UTF-8"?>
<record
    xmlns:xsi="http://www.w3.org/2001/XMLSchema-instance"
    xsi:schemaLocation="http://www.loc.gov/MARC21/slim http://www.loc.gov/standards/marcxml/schema/MARC21slim.xsd"
    xmlns="http://www.loc.gov/MARC21/slim">

  <leader>03314    a2200193   4500</leader>
  <controlfield tag="001">54591</controlfield>
  <controlfield tag="005">20260407155820.0</controlfield>
  <controlfield tag="008">260407a1976    arg                 spa d</controlfield>
  <controlfield tag="003">AR-UNSa-BCEJYS</controlfield>
  <datafield tag="040" ind1=" " ind2=" ">
    <subfield code="a">AR-UNSa-BCEJYS</subfield>
    <subfield code="b">spa</subfield>
    <subfield code="c">AR-UNSa-BCEJYS</subfield>
  </datafield>
  <datafield tag="080" ind1=" " ind2=" ">
    <subfield code="a">94(82)</subfield>
    <subfield code="x">Historia de Argentina</subfield>
  </datafield>
  <datafield tag="245" ind1="1" ind2="0">
    <subfield code="a">Argentina en Latinoam&#xE9;rica y en el mundo</subfield>
  </datafield>
  <datafield tag="264" ind1=" " ind2="1">
    <subfield code="a">Buenos Aires :</subfield>
    <subfield code="b">EUDEBA (Editorial Universitaria de Buenos Aires)</subfield>
    <subfield code="c">1976</subfield>
  </datafield>
  <datafield tag="300" ind1=" " ind2=" ">
    <subfield code="a">101 p.</subfield>
    <subfield code="c">22,5 cm.</subfield>
  </datafield>
  <datafield tag="505" ind1=" " ind2=" ">
    <subfield code="a">I. Saludos a las delegaciones extranjeras en nombre de la asamblea legislativa reunida el 26 de Mayo de 1973 - II. Discurso informando proyecto de resoluci&#xF3;n sobre la situaci&#xF3;n de Chile y Uruguay,pronunciado en el H. Senado de la Naci&#xF3;n el 6 de Agosto de 1973 - III. Reportaje publicado por la revista "Esto es" (Buenos Aires,Octubre-Noviembre de 1973) sobre integraci&#xF3;n y soberan&#xED;a sobre cuencas y r&#xED;os - IV. Reportaje publicado el 12 de Febrero de 1974 en el diario "Mayor&#xED;a" de Buenos Aires,sobre la conferencia de cancilleres citada para los d&#xED;as 18 a 23 de Febrero de 1974 en M&#xE9;xico - V. Discurso en la sesi&#xF3;n de homenaje al ex presidente teniente general Juan Domingo Per&#xF3;n en el encuentro de los parlamentos latinoamericano y europeo realizada el 14 de Julio de 1974 en Bogot&#xE1;,Colombia - VI. Discurso sobre las relaciones con la comunidad econ&#xF3;mica europea,pronunciado en el encuentro de los parlamentos latinoamericano y europeo realizado en Bogot&#xE1;,Colombia,entre el 14 y 20 de Julio de 1974 - VII. Discurso pronunciado ante la asamblea de la Uni&#xF3;n Interparlamentaria,reunida en Tokio (Jap&#xF3;n) del 1 al 11 de Octubre de 1974 - VIII. Reportaje publicado en el diario "La Opini&#xF3;n" de Buenos Aires,Noviembre 26 de 1974,sobre la pol&#xED;tica exterior argentina - IX. Discurso de inauguraci&#xF3;n de las sesiones de las comisiones permanentes del parlamento latinoamericano reunidas en Buenos Aires del 3 al 5 de Diciembre de 1974 - X. Reportaje publicado en la revista "Cambio" de Buenos Aires en el n&#xFA;mero de Febrero de 1975 sobre los resultados alcanzados por la pol&#xED;tica internacional del gobierno justicialista - XI. Discurso de aceptaci&#xF3;n del cargo de presidente del parlamento latinoamericano pronunciado en la sesi&#xF3;n del 20 de Febrero de 1975 de la VII Asamblea Ordinaria reunida en Caracas,Venezuela - XII. Discurso agradeciendo el apoyo de la comisi&#xF3;n coordinadora de entidades por la restituci&#xF3;n de las Islas Malvinas,por la actuaci&#xF3;n del grupo parlamentario argentino ante la VII Asamblea Ordinaria del Parlamento Latinoamericano - XIII. Discurso pronunciado en sesi&#xF3;n del honorable senado de la naci&#xF3;n,en ocasi&#xF3;n de tratarse el proyecto de servicio exterior,con motivo de observaciones formuladas a la inclusi&#xF3;n de los agregados obreros (22 de Mayo de 1975) - XIV. Reportaje publicado en la revista "Pol&#xED;tica Internacional" de Belgrado,Yugoslavia,N&#xB0; 606-7,Julio de 1975 - XV. Discurso de salutaci&#xF3;n al canciller de la rep&#xFA;blica de Venezuela pronunciado en la sesi&#xF3;n del honorables senado de la naci&#xF3;n argentina en la sesi&#xF3;n del 3 de Setiembre de 1975 - XVI. Reportaje publicado en el n&#xFA;mero del 158 de Setiembre de 1975 de la revista "Visao",de Brasil - XVII. Doctor &#xCD;talo Argentino Luder</subfield>
  </datafield>
  <datafield tag="942" ind1=" " ind2=" ">
    <subfield code="c">BK</subfield>
  </datafield>
  <datafield tag="590" ind1=" " ind2=" ">
    <subfield code="a">niveau_biblio:m niveau_hierar:0</subfield>
  </datafield>
  <datafield tag="100" ind1="1" ind2=" ">
    <subfield code="a">Luder, &#xCD;talo Argentino</subfield>
  </datafield>
  <datafield tag="999" ind1=" " ind2=" ">
    <subfield code="c">5666</subfield>
    <subfield code="d">5666</subfield>
  </datafield>
  <datafield tag="952" ind1=" " ind2=" ">
    <subfield code="0">0</subfield>
    <subfield code="1">0</subfield>
    <subfield code="4">0</subfield>
    <subfield code="7">0</subfield>
    <subfield code="a">BCEJYS</subfield>
    <subfield code="b">BCEJYS</subfield>
    <subfield code="c">16</subfield>
    <subfield code="d">2026-04-07</subfield>
    <subfield code="l">0</subfield>
    <subfield code="o">94(82) L944</subfield>
    <subfield code="p">L33762</subfield>
    <subfield code="r">2026-04-07 15:58:20</subfield>
    <subfield code="w">2026-04-07</subfield>
    <subfield code="y">L</subfield>
  </datafield>
</record>
